Guess 16 Chocolate Bars! - Statistics

General Stats
  • This quiz has been taken 277 times
  • The average score is 6 of 16
Answer Stats
Picture Answer % Correct
Kit kat
92%
Twix
86%
Snickers
75%
Crunch
68%
Mars
66%
Milky Way
53%
Almond Joy
20%
3 Musketeers
18%
Reese's Peanut Butter Cups
18%
Butterfinger
16%
Mounds
16%
Baby Ruth
10%
100 Grand Bar
5%
Mr. Goodbar
5%
Hershey Bar
3%
5th Avenue
1%
No matching quizzes found
Score Distribution
Percent of People with Each Score
Percentile by Number Answered
Your Score History
You have not taken this quiz